000 00843pam a2200265 a 4500
001 2538
005 20240108094415.0
020 _a590535986
040 _aDLC
_cDLC
_dDLC
_beng
050 0 0 _aPZ7.R1936
_bGo 1994
082 0 0 _a813.6
100 1 _aRathmann, Peggy
245 1 0 _aGood night, Gorilla /
_cPeggy Rathmann
250 _aFirst Scholastic printing , September 1995
260 _aNew York :
_bScholastic,
_c1994
300 _a34 unnumbered pages :
_bcolor illustrations ;
_c19 cm
505 _aAA
520 _aAn unobservant zookeeper is followed home by all the animals he thinks he has left behind in the zoo.
521 _a50 BR
_bLexile
521 _aAA
_bRaz-Plus
650 1 _aZoo animals
_xFiction.
650 1 _aZoos
_xFiction.
906 _a7
_bcbc
_corignew
_d1
_eocip
_f19
_gy-gencatlg
942 _2ddc
_cBK
_n0
999 _c2538
_d2538